<?xml version="1.0" encoding="UTF-8"?>
<collection xmlns="http://www.loc.gov/MARC21/slim">
 <record>
  <leader>00519pamaa2200181   4500</leader>
  <controlfield tag="001">0000031797</controlfield>
  <controlfield tag="005">20060627090000.0</controlfield>
  <datafield tag="020" ind1="0" ind2="0">
   <subfield code="a">0719575059 </subfield>
  </datafield>
  <datafield tag="082" ind1=" " ind2=" ">
   <subfield code="a">540 ILP</subfield>
  </datafield>
  <datafield tag="090" ind1="0" ind2="0">
   <subfield code="a">QD42 </subfield>
   <subfield code="b">ILP 1997</subfield>
  </datafield>
  <datafield tag="245" ind1="1" ind2="0">
   <subfield code="a">ILPAC : </subfield>
   <subfield code="b">advanced practical chemistry  </subfield>
   <subfield code="c">revised by Ann Lainchbury, John Stephen, Alec Thompson.</subfield>
  </datafield>
  <datafield tag="250" ind1="0" ind2="0">
   <subfield code="a">2nd ed.</subfield>
  </datafield>
  <datafield tag="260" ind1="0" ind2="0">
   <subfield code="a">London: </subfield>
   <subfield code="b">John Murray, </subfield>
   <subfield code="c">1997.</subfield>
  </datafield>
  <datafield tag="300" ind1=" " ind2=" ">
   <subfield code="a">iv, 217p.: </subfield>
   <subfield code="b">ill.; </subfield>
   <subfield code="c">30cm.</subfield>
  </datafield>
  <datafield tag="650" ind1="0" ind2="0">
   <subfield code="a">Chemistry </subfield>
  </datafield>
  <datafield tag="700" ind1="1" ind2="1">
   <subfield code="a">Lainchbury, </subfield>
   <subfield code="h">Ann </subfield>
  </datafield>
  <datafield tag="700" ind1="1" ind2="1">
   <subfield code="a">Stephen, </subfield>
   <subfield code="h">John </subfield>
  </datafield>
  <datafield tag="700" ind1="1" ind2="1">
   <subfield code="a">Thompson, </subfield>
   <subfield code="h">Alec </subfield>
  </datafield>
 </record>
</collection>
